| 000 | 00000nam##2200000za#4500 |
| 001 | 9.664615 |
| 003 | CaOODSP |
| 005 | 20210615121732 |
| 007 | ta |
| 008 | 150407|2003||||xxc||||| f|0| 0 eng|d |
| 020 | |a0-660-62328-5 |
| 040 | |aCaOODSP|beng |
| 041 | |aeng |
| 041 | |afre |
| 043 | |an-cn--- |
| 086 | 1 |aYX44-1985/9-1 |
| 110 | 1 |aCanada.|bStatutes. |
| 245 | 10|aRevised Statutes of Canada, 1985, Appendices |
| 260 | |aOttawa - Ontario : |bStatutes |c2003. |
| 300 | |a1 vol. in various pagings. ; |c25 cm. |
| 500 | |a"Prepared under the authority of the Statute Revision Act." |
| 520 | 3 |aThis bound edition contains revised statutes of Canada since Confederation to the cut-off date of December 31, 1984. It excludes amendments enacted but not yet in force at the end of 1984. This edition features linguistic and terminological improvement of the French text of a large number of older statutes. Also available in a loose-leaf edition, although only the bound volumes have evidentiary value. |
| 563 | |aSoftcover |
| 590 | |a03-21|b2003-05-23 |
| 776 | 0#|tLois révisées du Canada (1985). Appendices / |w(CaOODSP)9.676802 |
| 792 | |tLois révisées du Canada (1985), Appendices |efre|w(CaOODSP)9.664616 |